| 000 | 00482nam a2200181Ia 4500 | ||
|---|---|---|---|
| 001 | 5073 | ||
| 005 | 20260306145841.0 | ||
| 008 | 260306t2013||||xx |||||||||||||| ||spa|| | ||
| 041 | _aESP | ||
| 082 |
_a332.678 _bM49 |
||
| 100 |
_aMeza Orozco, Jhonny de Jesús _eAUT |
||
| 245 | 0 |
_aEvaluación financiera de proyectos: _b10 casos prácticos resueltos en Excel |
|
| 260 | _c2013 | ||
| 300 |
_a356 páginas : _c24 cm. |
||
| 650 | _aGEN | ||
| 654 | _aCAN | ||
| 942 |
_cLIB _dJUS _fJUS _2ddc _n |
||
| 999 |
_c5073 _d5073 |
||